Náklady na imidž podnikateľa

Vymedzenie niektorých ďalších daňovouznateľných výdavkov (výdavkov - nákladov nutných podľa daňového práva) na dosiahnutie, zabezpečenie a udržanie príjmov. Niektoré špecifiká v oblasti povolania tzv. "show-biznisu ". Zvýšená náročnosť i nákladovosť na tzv. imidž slobodných umelcov. Základná štruktú...

Descripción completa

Guardado en:
Detalles Bibliográficos
Autor principal: Burák, Emil
Formato: Capítulo de libro
Lenguaje:eslovaco
Materias:
Etiquetas: Agregar Etiqueta
Sin Etiquetas, Sea el primero en etiquetar este registro!

MARC

LEADER 00000naa a2200000 4500
001 r033286
005 20230926073121.2
041 0 |a slo 
044 |a SK 
245 1 0 |a Náklady na imidž podnikateľa  |c Emil Burák 
520 |a Vymedzenie niektorých ďalších daňovouznateľných výdavkov (výdavkov - nákladov nutných podľa daňového práva) na dosiahnutie, zabezpečenie a udržanie príjmov. Niektoré špecifiká v oblasti povolania tzv. "show-biznisu ". Zvýšená náročnosť i nákladovosť na tzv. imidž slobodných umelcov. Základná štruktúra nákladov na imidž. Ostražitosť daňovej kontroly pri zamedzení aplikácii osobnej spotreby medzi daňovouznateľné výdavky. problematika preukázania nákladov na imidž podnikateľa (NIP). Praktický príklad. 
610 2 0 |a imidž 
610 2 0 |a náklady 
610 2 0 |a výdavky 
610 2 0 |a umelci 
610 2 0 |a podnikatelia 
610 2 0 |a dane z príjmov 
100 1 |a Burák, Emil